| 000 | 01257nac a2200289 a 4500 | ||
|---|---|---|---|
| 003 | CO-PeBPM | ||
| 005 | 20250214010654.0 | ||
| 007 | ta | ||
| 008 | 250214s2020 ck a|||| |||| 00| 0 spa d | ||
| 020 | _a9789585137066 | ||
| 040 |
_aCO-PeBPM _bspa _cCO-PeBPM _erda |
||
| 041 | _aspa | ||
| 082 | 0 | 4 |
_a927.9331 Z36ó _222 |
| 245 | 1 | 0 |
_aDelia Zapata Olivella _b: La mujer que hizo resonar el latido Africano _c/ Claudia Franco, investigación vida y obra del personaje, y redacción textos; María Motta, ilustraciones; Rosita Fajardo Torres, Disrño y diagramación |
| 250 | _aPrimera edición | ||
| 260 |
_aBogotá, Colombia _b: Ministerio de Cultura _b; USAID _b; OIM Onu Migración _c, 2020 |
||
| 300 |
_a25 páginas _bilustraciones a color _c24,5 centímetros |
||
| 490 |
_aHistorias de identidad y orgullo _v3 |
||
| 500 | _aReseña histórica Delia Zapata Olivella | ||
| 600 |
_aZapata Olivella, Delia _2LEMB _vBiografías _y1926-2001 |
||
| 650 | 1 | 4 |
_aMujeres artistas - Literatura Infantil - Biografías _2LEMB |
| 650 | 1 | 4 |
_aMujeres - Literatura infantil - Biografías _2LEMB |
| 700 | 1 | 4 |
_aFranco, Claudia _eredacción de textos |
| 700 | 1 | 4 |
_aMotta, María _eilustraciones |
| 700 | 1 | 4 |
_aFajardo Torres, Rosita _eDiseño y diagramación |
| 942 |
_2ddc _cBK _n0 |
||
| 999 |
_c60530 _d60530 |
||